Cliquez sur les pays d'Asie sur une carte sans frontières - Statistiques

Statistiques générales
  • Ce quiz a été pris 10 333 fois
  • Le résultat moyen est 25 sur 48
Réponses sur la Carte
Les réponses sont colorées sur une échelle allant du rouge au vert en fonction du pourcentage des utilisateurs qui les ont devinées à leur premier essai. Vous pouvez retrouver ces pourcentages ci-dessous.
 
Statistiques - réponses
Réponse % Correct
Chine
62%
Chypre
62%
Japon
62%
Arabie Saoudite
61%
Corée du Nord
61%
Corée du Sud
61%
Inde
61%
Turquie
61%
Indonésie
60%
Sri Lanka
60%
Taïwan
59%
Philippines
58%
Viêt Nam
57%
Émirats arabes unis
56%
Israël
56%
Kazakhstan
56%
Maldives
56%
Mongolie
56%
Oman
56%
Qatar
56%
Yémen
56%
Iran
54%
Malaisie
54%
Bangladesh
53%
Birmanie
53%
Pakistan
53%
Thaïlande
53%
Liban
52%
Cambodge
51%
Géorgie
51%
Azerbaïdjan
50%
Syrie
50%
Jordanie
49%
Koweït
49%
Népal
49%
Singapour
49%
Bahreïn
48%
Irak
48%
Laos
47%
Afghanistan
46%
Arménie
46%
Timor oriental
46%
Bhoutan
44%
Brunei
44%
Turkménistan
42%
Ouzbékistan
41%
Kirghizistan
39%
Tadjikistan
36%
Aucun quiz correspondant
Distribution des résultats
% des personnes avec chaque résultat
Percentile par nombre de réponses
Votre historique - résultats
Vous n’avez pas pris ce quiz